Ortega en su espíritu

Wedi'i Gadw mewn:
Manylion Llyfryddiaeth
Prif Awdur: Lira Pérez, Osvaldo (autor)
Fformat: Llyfr
Iaith:Sbaeneg
Cyhoeddwyd: Santiago Pontificia Universidad Católica de Chile 1965
Pynciau:
Tagiau: Ychwanegu Tag
Dim Tagiau, Byddwch y cyntaf i dagio'r cofnod hwn!

MARC

LEADER 00000cam a2200000 a 4500
001 UCY5613
003 CL-VaPUC
005 20221118125231.0
008 950512e19650000CL |||||||||||||||||spa|d
999 |c 233245  |d 233243 
040 |c Pontificia Universidad Católica de Valparaíso 
082 0 4 |a 196.1  |b LIR  |2 21 
100 |a Lira Pérez, Osvaldo  |e autor  |9 314960 
245 1 0 |a Ortega en su espíritu 
260 |a Santiago  |b Pontificia Universidad Católica de Chile  |c 1965 
300 |a v 
500 |a v.2: Psicología - Gnoseología - Política 
583 |a last modification  |c 20150713 12:37:36  |k Rodrigo Vera 
600 |a Ortega y Gasset, José,  |d 1883-1955  |9 551380 
650 0 |a Metafísica  |9 265649 
650 0 |a Estética   |9 264950 
650 0 |a Crítica de arte  |9 334590 
650 0 |a Ontología   |9 256850 
650 0 |a Filosofía   |9 223554 
651 0 |a España  |9 254926 
942 |c BK  |2 ddc 
945 |d 19950512 00:00:00  |a mfernand 
952 |0 0  |1 0  |4 0  |6 196_100000000000000_LIR_1965  |7 0  |8 P  |9 238616  |a BIBEDU  |b BIBEDU  |c BIBEDU_PB  |d 2019-11-18  |h v.1  |i 1500880  |o 196.1 LIR 1965  |p 1500880  |r 2024-01-25  |w 2019-11-18  |y BK  |k EDU 
952 |0 0  |1 0  |4 0  |6 196_100000000000000_LIR_1965  |7 0  |8 P  |9 238617  |a BIBEDU  |b BIBEDU  |c BIBEDU_PB  |d 2019-11-18  |h v.1  |i 1503782  |o 196.1 LIR 1965  |p 1503782  |r 2024-01-25  |w 2019-11-18  |y BK  |k EDU 
952 |0 0  |1 0  |3 erb  |4 0  |6 196_100000000000000_LIR_1965  |7 0  |8 P  |9 238618  |a BIBEDU  |b BIBEDU  |c BIBEDU_PB  |e Villagrán Garnham, Jorge  |h v.2  |i 5187141  |o 196.1 LIR 1965  |p 5187141  |r 2024-01-25  |w 2019-11-18  |y BK  |z Catalogado en:20150728  |k FIL